header

In Sputnik's shadow (Record no. 35048)

MARC details
000 -LEADER
fixed length control field 01453nam a2200361Ia 4500
100 1# - MAIN ENTRY--AUTHOR NAME
Personal name Wang, Zuoyue,
245 10 - TITLE STATEMENT
Title In Sputnik's shadow
260 ## - PUBLICATION, DISTRIBUTION, ETC. (IMPRINT)
Place of publication New Brunswick, N.J. :
Name of publisher Rutgers University Press,
Year of publication c2008.
300 ## - PHYSICAL DESCRIPTION
Number of Pages xix, 454 p. :
Other physical details ill.
650 #0 - SUBJECT ADDED ENTRY--TOPICAL TERM
Topical Term Science and state
Topical Term Sputnik satellites.
Topical Term Cold War.
856 40 - ELECTRONIC LOCATION AND ACCESS
Uniform Resource Identifier http://site.ebrary.com/lib/rucke/Doc?id=10251792

No items available.

© 2026 Rongo University
Contact us: librarian | system librarian | Rongo university